| 000 | 00732nam a22002057a 4500 | ||
|---|---|---|---|
| 003 | BD-DhSAU | ||
| 005 | 20250629171558.0 | ||
| 008 | 160728b2016 bg ||||| |||| 001 0 eng d | ||
| 040 | _aBD-DhSAU | ||
| 082 |
_222 _a635 _bS041 |
||
| 100 | _aSolaiman, Abul Hasnat Muhammad | ||
| 245 |
_aStudies on the effect of partially ultra-violet blocking films on the plant growth, pigmentation and insect and disease controls of some horticultural crops / _bPhd Thesis |
||
| 260 |
_aYamagata University _bYamagata University _c2016 |
||
| 300 |
_aiii, 146 p. : _bill. ; _c30 cm. |
||
| 500 | _aPh.D thesis of University of Yamagata University | ||
| 650 | _aStudies | ||
| 650 | _aUltra-violet | ||
| 650 | _aDisease | ||
| 942 |
_2ddc _cPHD |
||
| 999 |
_c13485 _d13484 |
||